书目信息 |
| 题名: |
西方经典音乐作品萨克斯管演奏指导
|
|
| 作者: | 王震 编著 | |
| 分册: | 巴洛克时期 | |
| 出版信息: | 上海 上海音乐出版社 2014 |
|
| 页数: | 95页 | |
| 开本: | 31cm | |
| 丛书名: | ||
| 单 册: | ||
| 中图分类: | J621.2 | |
| 科图分类: | ||
| 主题词: | 萨克管--器乐史--西方国家 , 萨克管--吹奏法 | |
| 电子资源: | ||
| ISBN: | 978-7-5523-0570-8 | |
| 000 | 01034nam0 2200241 450 | |
| 001 | 340456 | |
| 005 | 20150625154416.06 | |
| 010 | @a978-7-5523-0570-8@dCNY30.00 | |
| 100 | @a20140616d2014 em y0chiy0110 ea | |
| 101 | 0 | @achi |
| 102 | @aCN@b310000 | |
| 105 | @ay z 000yy | |
| 106 | @ar | |
| 200 | 1 | @a西方经典音乐作品萨克斯管演奏指导@Axi fang jing dian yin le zuo pin sa ke si guan yan zou zhi dao@i巴洛克时期@e1600年-1750年@f王震编著 |
| 210 | @a上海@c上海音乐出版社@d2014 | |
| 215 | @a95页@d31cm | |
| 330 | @a西方经典音乐作品之《萨克斯管演奏指导》通过音乐与其他领域的知识融合, 生动再现了每一个时代的艺术风采。全系列共五册, 每册按照固定体例, 分别论及社会、政治、文化对音乐的影响;音乐的功能与作用;音乐风格形式和体裁;乐器的发展以及伟大作曲家的成就。作者收集了数百幅历史珍贵图片资料, 使读者能够对古往今来的许多音乐场景如临其境。 | |
| 606 | 0 | @a萨克管@x器乐史@x西方国家 |
| 606 | 0 | @a萨克管@x吹奏法 |
| 690 | @aJ621.2@v5 | |
| 701 | 0 | @a王震@Awang zhen@4编著 |
| 801 | 0 | @aCN@b卓展宏图@c20150525 |
| 905 | @dJ621.2@e256:2@f4 | |
| 西方经典音乐作品萨克斯管演奏指导.巴洛克时期:1600年-1750年/王震编著.-上海:上海音乐出版社,2014 |
| 95页;31cm |
| ISBN 978-7-5523-0570-8:CNY30.00 |
| 西方经典音乐作品之《萨克斯管演奏指导》通过音乐与其他领域的知识融合, 生动再现了每一个时代的艺术风采。全系列共五册, 每册按照固定体例, 分别论及社会、政治、文化对音乐的影响;音乐的功能与作用;音乐风格形式和体裁;乐器的发展以及伟大作曲家的成就。作者收集了数百幅历史珍贵图片资料, 使读者能够对古往今来的许多音乐场景如临其境。 |
| ● |
| 相关链接 |
|
|
|
|
正题名:西方经典音乐作品萨克斯管演奏指导
索取号:J621.2/256:2
 
预约/预借
| 序号 | 登录号 | 条形码 | 馆藏地/架位号 | 状态 | 备注 |
| 1 | 865745 | 208657452 | 第一样本阅览室/ [索取号:J621.2/256:2] | 在馆 | |
| 2 | 865746 | 208657461 | 音乐系资料室/ [索取号:J621.2/256:2] | 在馆 | |
| 3 | 865747 | 208657470 | 第一借阅区/ [索取号:J621.2/256:2] | 在馆 | |
| 4 | 865748 | 208657489 | 第一借阅区/ [索取号:J621.2/256:2] | 在馆 |